000 01478nam a2200337 a 4500
001 000021141
003 DO-SdBNP
005 20250409152642.0
008 100901t1982 dr ac 001 0 spa d
040 _aDO-SdBNP
_bspa
_cBNPHU
082 _a302.072
_bR696t
100 1 _aRodríguez Velez, Wendalina
_944203
245 1 3 _aEl turbante blanco :
_bmuertos, santos y vivos en lucha política /
_cWendalina Rodríguez Vélez ; prólogo Euribíades Concepción Reynoso ; cuidado de edición José Chez Checo, Clara Leyla Alfonso.
260 _aSanto Domingo :
_bMuseo del Hombre Dominicano,
_c1982.
300 _a402 p. :
_bil., retrs. ;
_c23 cm.
490 1 _aInvestigaciones antropológicas
504 _aIncluye bibliografía y notas al pie de páginas.
504 _aBibliografía : p.399-402.
590 _aInventariado, 2018/VM
650 4 _aAntropología cultural
_xInvestigaciones
_zRepública Dominicana
_944204
650 4 _aCulturas tradicionales
_zRepública Dominicana
_944205
650 0 _aFolclore
_zRepública Dominicana
_933448
651 4 _aRepública Dominicana
_xVida social y costumbres
_9405
651 4 _aRepública Dominicana
_xVida religiosa y costumbres
_96935
700 1 _aConcepción Reynoso, Euribíades,
_epról.
_92411
700 1 _aChez Checo, José,
_d1949-
_eed.
_910145
700 1 _aAlfonso, Clara Leyla,
_eed.
_944206
830 0 _aInvestigaciones antropológicas
_944207
910 _aValidado. Control de calidad EMS.
942 _2ddc
_cLBS1
999 _c20643
_d20643